| 000 | 00458nam a2200181Ia 4500 | ||
|---|---|---|---|
| 003 | GCL | ||
| 008 | 140319s9999 xx 000 0 eng d | ||
| 040 |
_aGCL / _cGCL |
||
| 082 | 0 | 4 |
_a975.6 _bG C |
| 100 | 1 | _aGREENE, HARLAN | |
| 245 | 1 | 0 |
_aCHARLESTON: CITY OF MEMORY / _cGREENE, HARLAN |
| 700 | 1 | _aJANJESLY N. | |
| 260 |
_a[S.N] : _bLEGACY PUBLICATION ، _c1987 |
||
| 300 | _a80 PP | ||
| 650 | 0 | 4 | _aCHARLESTON |
| 650 | 0 | 4 | _aCAROLINA, USA |
| 942 |
_2ddc _cBK |
||
| 999 |
_c19216 _d19216 |
||